000 00364nam a22001457a 4500
008 210511b ||||| |||| 00| 0 eng d
020 _a9780471652694
041 _aeng
080 _26th
_a330.722.6
082 _a330.722.6
100 _a62
101 _aKF
245 _aInternational Accounting and Multinational Enterprises
_cRadebaugh,L.H
942 _2udc
_cBK
999 _c57213
_d57213